000 00259nam a2200121 i 4500
001 bg
245 0 _aPrace zakładu geotechniki.
260 _aSzczecin,
_c1979.
040 _cBPK
041 _apol
942 _cKS
008 s pl f |000 0 pol
999 _c19099
_d19099
856 _uhttp://koha.tu.koszalin.pl/cgi-bin/koha/opac-detail.pl?biblionumber=19099
_yKatalog online BPK